[Event "Oberbayern Bezirksliga 1718"]
[Site "Germany"]
[Date "2018.04.15"]
[Round "9.5"]
[White "Terzic, Safet"]
[Black "Schuler, Matthias"]
[Result "1/2-1/2"]
[WhiteElo "2103"]
[BlackElo "1835"]
[PlyCount "35"]
[EventDate "2017.10.22"]
[EventType "team-tourn"]
[EventRounds "9"]
[EventCountry "GER"]
[SourceTitle "EXT 2019"]
[Source "ChessBase"]
[SourceDate "2018.10.10"]
[SourceVersion "1"]
[SourceVersionDate "2018.10.10"]
[SourceQuality "1"]
[WhiteTeam "Starnberg"]
[BlackTeam "Dorfen"]
[WhiteTeamCountry "GER"]
[BlackTeamCountry "GER"]

1. e4 e5 2. Nf3 Qe7 3. Nc3 c6 4. a4 d6 5. d4 Qc7 6. Bc4 Be7 7. h3 Nf6 8. 0-0 0-0 9. Qe2 b6 10. Bg5 h6 11. Be3 Re8 12. dxe5 dxe5 13. Rfd1 Nbd7 14. Ba2 Nf8 15. Qc4 Be6 16. Nd5 Qb7 17. Nxf6+ Bxf6 18. Qe2 1/2-1/2

[Event "Oberbayern Bezirksliga 1718"]
[Site "Germany"]
[Date "2017.12.10"]
[Round "4.8"]
[White "Schuler, Matthias"]
[Black "Moerwald, Magdalena"]
[Result "1-0"]
[WhiteElo "1835"]
[BlackElo "1770"]
[PlyCount "69"]
[EventDate "2017.10.22"]
[EventType "team-tourn"]
[EventRounds "9"]
[EventCountry "GER"]
[SourceTitle "EXT 2019"]
[Source "ChessBase"]
[SourceDate "2018.10.10"]
[SourceVersion "1"]
[SourceVersionDate "2018.10.10"]
[SourceQuality "1"]
[WhiteTeam "Dorfen"]
[BlackTeam "Freilassing"]
[WhiteTeamCountry "GER"]
[BlackTeamCountry "GER"]

1. e4 c6 2. d4 d5 3. e5 Bf5 4. Nc3 e6 5. g4 Bg6 6. Nge2 Nd7 7. h4 h6 8. Be3 Qc7 9. Qd2 Ne7 10. h5 Bh7 11. 0-0-0 Nc8 12. Nf4 Ncb6 13. Kb1 a6 14. Bd3 Bxd3 15. Nxd3 Nc4 16. Qe2 c5 17. f4 Nxe3 18. Qxe3 c4 19. Nc1 b5 20. Rde1 Qa5 21. f5 b4 22. Nd1 c3 23. fxe6 fxe6 24. Qd3 Kd8 25. Qg6 Qb6 26. Nd3 Qxd4 27. Qxe6 Qc4 28. Ne3 Qb5 29. Rhf1 d4 30. Nd5 Bc5 31. Nxc5 Qxc5 32. Rf7 Nf8 33. Qd6+ Qxd6 34. exd6 g6 35. Nc7 1-0

[Event "Oberbayern Bezirksliga 1718"]
[Site "Germany"]
[Date "2017.11.26"]
[Round "3.7"]
[White "Schuler, Matthias"]
[Black "Baier, Herbert"]
[Result "0-1"]
[WhiteElo "1835"]
[BlackElo "1919"]
[PlyCount "74"]
[EventDate "2017.10.22"]
[EventType "team-tourn"]
[EventRounds "9"]
[EventCountry "GER"]
[SourceTitle "EXT 2019"]
[Source "ChessBase"]
[SourceDate "2018.10.10"]
[SourceVersion "1"]
[SourceVersionDate "2018.10.10"]
[SourceQuality "1"]
[WhiteTeam "Dorfen"]
[BlackTeam "Fuerstenfeldbruck"]
[WhiteTeamCountry "GER"]
[BlackTeamCountry "GER"]

1. e4 Nf6 2. d3 e5 3. Nf3 Nc6 4. c3 d5 5. Qc2 Bg4 6. Nbd2 Be7 7. g3 Qd7 8. h3 Bh5 9. Bg2 h6 10. 0-0 0-0 11. Re1 dxe4 12. dxe4 Rfe8 13. Nh4 Nh7 14. Nf5 Ng5 15. h4 Ne6 16. Nf3 Rad8 17. Be3 Bc5 18. Rad1 Qc8 19. Rd5 Bxe3 20. Rxe3 Nf8 21. Bh3 Qb8 22. Red3 Rxd5 23. Rxd5 Bxf3 24. g4 h5 25. gxh5 Bxh5 26. Ng3 Bg6 27. h5 Bh7 28. Qe2 Rd8 29. Qg4 Rxd5 30. exd5 Ne7 31. h6 Nfg6 32. Nh5 gxh6 33. Nf6+ Kg7 34. Nh5+ Kh8 35. Qe2 Nxd5 36. Bg2 Qd8 37. Qc4 c6 0-1

[Event "Oberbayern Bezirksliga 1718"]
[Site "Germany"]
[Date "2017.10.22"]
[Round "1.6"]
[White "Vaccaroni, Juan Manuel"]
[Black "Schuler, Matthias"]
[Result "1-0"]
[WhiteElo "1970"]
[BlackElo "1835"]
[PlyCount "91"]
[EventDate "2017.10.22"]
[EventType "team-tourn"]
[EventRounds "9"]
[EventCountry "GER"]
[SourceTitle "EXT 2019"]
[Source "ChessBase"]
[SourceDate "2018.10.10"]
[SourceVersion "1"]
[SourceVersionDate "2018.10.10"]
[SourceQuality "1"]
[WhiteTeam "Neuburg"]
[BlackTeam "Dorfen"]
[WhiteTeamCountry "GER"]
[BlackTeamCountry "GER"]

1. e4 e5 2. Nf3 Qe7 3. Bc4 d6 4. 0-0 h6 5. h3 Nf6 6. Re1 g6 7. d4 Bg7 8. b3 0-0 9. Bb2 Nbd7 10. dxe5 dxe5 11. Ba3 Nc5 12. Nc3 c6 13. Na4 Nfd7 14. Qc1 Re8 15. Nxc5 Nxc5 16. Qe3 b6 17. Bxc5 bxc5 18. Rad1 a5 19. Rd2 a4 20. Red1 axb3 21. axb3 Be6 22. Bxe6 fxe6 23. Rd7 Qf8 24. R7d6 Ra1 25. Qd3 Rxd1+ 26. Qxd1 Qf4 27. Qd3 g5 28. Qe3 Qf6 29. Rxc6 Rd8 30. g3 g4 31. hxg4 Qg6 32. Nh2 Rd4 33. f3 Qe8 34. Rxc5 Qd7 35. Nf1 Qd6 36. Rc4 Rd1 37. Qc5 Qd2 38. Qf2 Qd6 39. Kg2 Bf8 40. Qe2 Be7 41. Rc3 Rc1 42. Qd2 Qa6 43. Rd3 Bg5 44. Qc3 Qa2 45. Qc8+ Kf7 46. Rd7+ 1-0

[Event "Regionalliga SO 0506"]
[Site "Bayern"]
[Date "2005.12.11"]
[Round "4.5"]
[White "Habdank, Christoph"]
[Black "Schuler, Matthias"]
[Result "1/2-1/2"]
[WhiteElo "2064"]
[BlackElo "1881"]
[PlyCount "123"]
[EventDate "2005.10.23"]
[EventType "team-tourn"]
[EventRounds "9"]
[EventCountry "GER"]
[SourceTitle "EXT 2007"]
[Source "ChessBase"]
[SourceDate "2006.11.23"]
[SourceVersion "1"]
[SourceVersionDate "2006.11.23"]
[SourceQuality "1"]
[WhiteTeam "Graefelfing SK"]
[BlackTeam "Dorfen PSV"]
[WhiteTeamCountry "GER"]
[BlackTeamCountry "GER"]

1. g3 e5 2. Bg2 Nc6 3. d3 g6 4. Nf3 Bg7 5. 0-0 d6 6. e4 Bg4 7. h3 Bd7 8. c3 Nf6 9. Be3 h6 10. Qd2 g5 11. Ne1 Qe7 12. b4 0-0 13. b5 Nd8 14. c4 Ne6 15. Nc3 Nc5 16. Nc2 c6 17. bxc6 bxc6 18. Rab1 Rab8 19. Bxc5 dxc5 20. Ne3 Qd6 21. Rxb8 Rxb8 22. Rb1 Rxb1+ 23. Nxb1 Qb8 24. Nc3 Qb4 25. Ned1 Qb8 26. Qb2 Qc8 27. Kh2 Qc7 28. Qe2 Qd6 29. Qe3 Ne8 30. Ne2 Nc7 31. Qd2 Ne6 32. Ne3 Nd4 33. Nxd4 exd4 34. Nf5 Bxf5 35. exf5 Qf6 36. Be4 h5 37. Qe2 h4 38. Qf3 Bf8 39. Qg4 Bd6 40. Kg2 Kf8 41. gxh4 gxh4 42. f4 Be7 43. Kf3 Ke8 44. Qg8+ Bf8 45. Qg5 Be7 46. Qxf6 Bxf6 47. Bxc6+ Ke7 48. Ke4 Kd6 49. Be8 Ke7 50. Ba4 Kd6 51. Bd1 Bg7 52. Bh5 f6 53. Be8 Bh6 54. Ba4 Bg7 55. Kf3 Bf8 56. Kg4 Bh6 57. Bb5 Kc7 58. Kxh4 Bxf4 59. Kg4 Bc1 60. h4 Bd2 61. Kh5 Be1 62. Kg4 1/2-1/2

[Event "Regionalliga SO 0405"]
[Site "Bayern"]
[Date "2005.02.13"]
[Round "7.3"]
[White "Wittmann, Matthias"]
[Black "Schuler, Matthias"]
[Result "1-0"]
[WhiteElo "2147"]
[BlackElo "1900"]
[PlyCount "41"]
[EventDate "2004.10.24"]
[EventType "team-tourn"]
[EventRounds "9"]
[EventCountry "GER"]
[SourceTitle "EXT 2007"]
[Source "ChessBase"]
[SourceDate "2006.11.23"]
[SourceVersion "1"]
[SourceVersionDate "2006.11.23"]
[SourceQuality "1"]
[WhiteTeam "Pang/Rosenheim II"]
[BlackTeam "Dorfen PSV"]
[WhiteTeamCountry "GER"]
[BlackTeamCountry "GER"]

1. Nc3 e5 2. Nf3 Nc6 3. d4 exd4 4. Nxd4 Nxd4 5. Qxd4 Nf6 6. g4 Be7 7. g5 Nh5 8. h4 0-0 9. Bg2 d6 10. Bf3 g6 11. Bxh5 gxh5 12. b3 c5 13. Qd3 Be6 14. Nd5 Bxd5 15. Qxd5 Qd7 16. Bb2 b5 17. 0-0-0 Qe6 18. Qf3 b4 19. Qxh5 Rfe8 20. Qh6 c4 21. Qg7# 1-0

[Event "Regionalliga SO 0405"]
[Site "Bayern"]
[Date "2005.01.16"]
[Round "5.4"]
[White "Schuler, Matthias"]
[Black "Gnegel, Boris Igor"]
[Result "0-1"]
[WhiteElo "1900"]
[BlackElo "2020"]
[PlyCount "70"]
[EventDate "2004.10.24"]
[EventType "team-tourn"]
[EventRounds "9"]
[EventCountry "GER"]
[SourceTitle "EXT 2007"]
[Source "ChessBase"]
[SourceDate "2006.11.23"]
[SourceVersion "1"]
[SourceVersionDate "2006.11.23"]
[SourceQuality "1"]
[WhiteTeam "Dorfen PSV"]
[BlackTeam "Tegernsee II"]
[WhiteTeamCountry "GER"]
[BlackTeamCountry "GER"]

1. e4 e5 2. Nf3 Nc6 3. Bc4 Nf6 4. d4 exd4 5. 0-0 d6 6. Ng5 Ne5 7. Bb3 h6 8. f4 hxg5 9. fxe5 dxe5 10. Bxg5 Be7 11. Qd3 0-0 12. Bxf6 Bxf6 13. Nd2 Qe7 14. Rf3 Bg5 15. Rg3 Be6 16. Rf1 Bh4 17. Rgf3 c6 18. a4 Rad8 19. Bxe6 Qxe6 20. Rh3 Bg5 21. Rf5 Be3+ 22. Kh1 g6 23. Rff3 Kg7 24. Nf1 Bf4 25. Ng3 Rh8 26. Rxh8 Rxh8 27. Nf5+ gxf5 28. exf5 Rxh2+ 29. Kg1 Qh6 30. f6+ Kxf6 31. Qa3 Rh1+ 32. Kf2 Qh4+ 33. Ke2 Qe1+ 34. Kd3 e4+ 35. Kc4 exf3 0-1

[Event "Landesliga Sued 0304"]
[Site "Bayern"]
[Date "2004.03.07"]
[Round "7.7"]
[White "Schuler, Matthias"]
[Black "Amelang, Thomas"]
[Result "0-1"]
[WhiteElo "1922"]
[BlackElo "2052"]
[PlyCount "68"]
[EventDate "2003.10.12"]
[EventType "team-tourn"]
[EventRounds "9"]
[EventCountry "GER"]
[SourceTitle "EXT 2006"]
[Source "ChessBase"]
[SourceDate "2005.11.24"]
[SourceVersion "1"]
[SourceVersionDate "2005.11.24"]
[SourceQuality "1"]
[WhiteTeam "Dorfen"]
[BlackTeam "Muenchen Siemens"]
[WhiteTeamCountry "GER"]
[BlackTeamCountry "GER"]

1. e4 g6 2. f4 Bg7 3. Nf3 c5 4. Nc3 Nc6 5. Bc4 d6 6. d3 a6 7. a4 Nd4 8. 0-0 e6 9. f5 gxf5 10. Ng5 h6 11. Nxf7 Kxf7 12. Qh5+ Ke7 13. exf5 Nf6 14. Qg6 Qg8 15. fxe6 Bxe6 16. Bxe6 Kxe6 17. Rxf6+ Bxf6 18. Qe4+ Be5 19. Bf4 Nc6 20. Bxe5 dxe5 21. Qd5+ Ke7 22. Qxc5+ Kd7 23. Ne4 Qe6 24. Qb6 Kc8 25. Rf1 Rd8 26. Rf6 Qd5 27. Nc5 Rb8 28. Ne6 Qd6 29. c4 Re8 30. Rxh6 Rxe6 31. Rh8+ Kd7 32. Rh7+ Ne7 33. Qb3 Qb6+ 34. Qxb6 Rxb6 0-1

[Event "Landesliga Sued 0304"]
[Site "Bayern"]
[Date "2003.12.14"]
[Round "4.7"]
[White "Schuler, Matthias"]
[Black "Gerstner, Bernhard"]
[Result "1-0"]
[WhiteElo "1922"]
[BlackElo "2008"]
[PlyCount "31"]
[EventDate "2003.10.12"]
[EventType "team-tourn"]
[EventRounds "9"]
[EventCountry "GER"]
[SourceTitle "EXT 2006"]
[Source "ChessBase"]
[SourceDate "2005.11.24"]
[SourceVersion "1"]
[SourceVersionDate "2005.11.24"]
[SourceQuality "1"]
[WhiteTeam "Dorfen"]
[BlackTeam "Ingolstadt"]
[WhiteTeamCountry "GER"]
[BlackTeamCountry "GER"]

1. e4 e5 2. Nf3 Nc6 3. Bc4 Nf6 4. d4 exd4 5. 0-0 Nxe4 6. Re1 d5 7. Bxd5 Qxd5 8. Nc3 Qh5 9. Nxe4 Be6 10. Bg5 h6 11. Bh4 Bb4 12. c3 dxc3 13. bxc3 Ba5 14. Nd6+ cxd6 15. Qxd6 Qd5 16. Qxd5 1-0

[Event "Landesliga Sued 0304"]
[Site "Bayern"]
[Date "2003.11.23"]
[Round "3.6"]
[White "Schuler, Matthias"]
[Black "Marquardt, Christian"]
[Result "0-1"]
[WhiteElo "1922"]
[BlackElo "2060"]
[PlyCount "88"]
[EventDate "2003.10.12"]
[EventType "team-tourn"]
[EventRounds "9"]
[EventCountry "GER"]
[SourceTitle "EXT 2006"]
[Source "ChessBase"]
[SourceDate "2005.11.24"]
[SourceVersion "1"]
[SourceVersionDate "2005.11.24"]
[SourceQuality "1"]
[WhiteTeam "Dorfen"]
[BlackTeam "Tegernsee II"]
[WhiteTeamCountry "GER"]
[BlackTeamCountry "GER"]

1. e4 c6 2. d4 d5 3. e5 Bf5 4. Nc3 Qb6 5. Na4 Qa5+ 6. c3 Nd7 7. b4 Qc7 8. Bd3 Bxd3 9. Qxd3 e6 10. Nh3 a5 11. bxa5 Qxa5 12. Nb2 c5 13. 0-0 Ne7 14. Bd2 Qa3 15. Qb1 cxd4 16. cxd4 Nf5 17. Re1 Nxd4 18. Re3 Qa6 19. Nd3 Rc8 20. Nb4 Bxb4 21. Qxb4 Rc4 22. Ra3 Rxb4 23. Rxa6 bxa6 24. Bxb4 Nxe5 25. Rb1 Kd7 26. Bc5 Nb5 27. a4 Nc3 28. Rb6 Nxa4 29. Rd6+ Kc7 30. Ba3 Ra8 31. Ng5 Nc4 32. Nxf7 Nxd6 33. Bxd6+ Kd7 34. Be5 Nc5 35. Bxg7 a5 36. Ne5+ Ke8 37. Nc6 Nb3 38. h4 Rc8 39. Ne5 a4 40. Nf3 a3 41. h5 a2 42. Kh2 d4 43. Nxd4 a1Q 44. Nxe6 Qf1 0-1

[Event "Regionalliga SO 0203"]
[Site "Bayern"]
[Date "2003.03.09"]
[Round "8.7"]
[White "Schuler, Matthias"]
[Black "Haletzki, Bernd"]
[Result "1/2-1/2"]
[WhiteElo "1957"]
[BlackElo "1911"]
[PlyCount "24"]
[EventDate "2002.10.20"]
[EventType "team"]
[EventRounds "9"]
[EventCountry "GER"]
[SourceTitle "EXT 2004"]
[Source "ChessBase"]
[SourceDate "2003.11.25"]
[SourceVersion "1"]
[SourceVersionDate "2003.11.25"]
[SourceQuality "1"]
[WhiteTeam "Dorfen"]
[BlackTeam "Straubing"]
[WhiteTeamCountry "GER"]
[BlackTeamCountry "GER"]

1. e4 e6 2. d4 d5 3. e5 c5 4. c3 Nc6 5. Nf3 Qb6 6. Be2 Bd7 7. 0-0 cxd4 8. cxd4 Nge7 9. Nc3 Nf5 10. Na4 Qd8 11. b3 Be7 12. Bb2 0-0 1/2-1/2

[Event "Regionalliga SO 0203"]
[Site "Bayern"]
[Date "2003.01.26"]
[Round "5.6"]
[White "Schuler, Matthias"]
[Black "Modes, Lothar"]
[Result "0-1"]
[WhiteElo "1957"]
[BlackElo "1615"]
[PlyCount "106"]
[EventDate "2002.10.20"]
[EventType "team"]
[EventRounds "9"]
[EventCountry "GER"]
[SourceTitle "EXT 2004"]
[Source "ChessBase"]
[SourceDate "2003.11.25"]
[SourceVersion "1"]
[SourceVersionDate "2003.11.25"]
[SourceQuality "1"]
[WhiteTeam "Dorfen"]
[BlackTeam "Freyung"]
[WhiteTeamCountry "GER"]
[BlackTeamCountry "GER"]

1. e4 e6 2. f4 d5 3. e5 c5 4. Nc3 a6 5. a4 Nc6 6. Nf3 Be7 7. g3 Bd7 8. d3 Qc7 9. Bg2 Nh6 10. Bd2 0-0 11. 0-0 Kh8 12. Re1 Rfc8 13. Bh3 Nd4 14. a5 Nxf3+ 15. Qxf3 Bc6 16. Qh5 Bf8 17. Na4 Bxa4 18. Rxa4 g6 19. Qf3 Qc6 20. b3 Qd7 21. f5 Nxf5 22. Bxf5 exf5 23. Bg5 Rc6 24. Rh4 Bg7 25. Qf1 Re6 26. Qh3 h5 27. g4 Rxe5 28. Rxe5 Bxe5 29. gxh5 Kg8 30. hxg6 fxg6 31. Bf4 Bg7 32. Qg3 Qe6 33. Rh3 Re8 34. Bh6 Qe1+ 35. Qxe1 Rxe1+ 36. Kf2 Ra1 37. Ke2 Bxh6 38. Rxh6 Kg7 39. Rh4 Rxa5 40. d4 g5 41. Rh5 Kg6 42. Rh8 cxd4 43. Rc8 g4 44. Kd3 Rb5 45. Kxd4 Kg5 46. Ke5 d4+ 47. Kxd4 Kf4 48. Rc3 Rb6 49. Kd5 Rh6 50. Rc4+ Kg5 51. Rc7 Rxh2 52. c4 g3 53. Rxb7 Rh6 0-1

[Event "Regionalliga SO 0203"]
[Site "Bayern"]
[Date "2002.11.17"]
[Round "2.8"]
[White "Bauer, Stefan2222"]
[Black "Schuler, Matthias"]
[Result "1-0"]
[WhiteElo "1648"]
[BlackElo "1981"]
[PlyCount "97"]
[EventDate "2002.10.20"]
[EventType "team"]
[EventRounds "9"]
[EventCountry "GER"]
[SourceTitle "EXT 2004"]
[Source "ChessBase"]
[SourceDate "2003.11.25"]
[SourceVersion "1"]
[SourceVersionDate "2003.11.25"]
[SourceQuality "1"]
[WhiteTeam "Trostberg"]
[BlackTeam "Dorfen"]
[WhiteTeamCountry "GER"]
[BlackTeamCountry "GER"]

1. e4 e5 2. Nf3 Nc6 3. Bc4 Nf6 4. d4 exd4 5. 0-0 Nxe4 6. Re1 d5 7. Bxd5 Qxd5 8. Nc3 Qa5 9. Nxe4 Be6 10. Neg5 0-0-0 11. Nxe6 fxe6 12. Rxe6 Bd6 13. Qe2 Kd7 14. Qe4 Qh5 15. Bg5 Rdf8 16. h4 h6 17. Bd2 Rxf3 18. gxf3 Ne5 19. Rxe5 Qxe5 20. Qg4+ Kc6 21. f4 Qd5 22. c4 Qf7 23. b4 g5 24. fxg5 hxg5 25. Bxg5 Rf8 26. Qxd4 Bxb4 27. Rd1 Qf5 28. Qd5+ Qxd5 29. cxd5+ Kd7 30. Rd4 Bc5 31. Rf4 Re8 32. Rf7+ Kc8 33. Bf4 Bb6 34. Kf1 Ba5 35. Kg2 Re2 36. h5 Rxa2 37. h6 Bc3 38. h7 b5 39. h8Q+ Bxh8 40. Rf8+ Kd7 41. Rxh8 b4 42. Rh7+ Ke8 43. Rxc7 a5 44. d6 b3 45. Bg5 Rc2 46. d7+ Kf7 47. d8Q+ Rxc7 48. Qxc7+ Kg6 49. Qxa5 1-0

[Event "Regionalliga SO 0102"]
[Site "Bayern"]
[Date "2002.02.03"]
[Round "5.8"]
[White "Billenkamp, Thomas"]
[Black "Schuler, Matthias"]
[Result "1/2-1/2"]
[WhiteElo "2005"]
[BlackElo "1965"]
[PlyCount "63"]
[EventDate "2001.10.07"]
[EventType "team"]
[EventRounds "9"]
[EventCountry "GER"]
[SourceTitle "EXT 2003"]
[Source "ChessBase"]
[SourceDate "2002.11.25"]
[SourceVersion "1"]
[SourceVersionDate "2002.11.25"]
[SourceQuality "1"]
[WhiteTeam "Tegernsee II"]
[BlackTeam "Dorfen"]
[WhiteTeamCountry "GER"]
[BlackTeamCountry "GER"]

1. Nf3 e6 2. c4 d5 3. g3 c6 4. Bg2 Bd6 5. b3 Nd7 6. 0-0 Qe7 7. Bb2 Ngf6 8. d4 0-0 9. Nbd2 Rd8 10. Qc2 e5 11. cxd5 e4 12. Nh4 cxd5 13. Nf5 Qe6 14. Nxd6 Qxd6 15. a4 Nb8 16. Ba3 Qe6 17. b4 Nc6 18. e3 Bd7 19. Nb3 b6 20. b5 Ne7 21. Qd2 Ne8 22. Rfc1 Nd6 23. Qb4 Nec8 24. Nd2 a6 25. bxa6 Rxa6 26. Bb2 Na7 27. Bf1 b5 28. axb5 Rxa1 29. Rxa1 Ndxb5 30. Ra5 Qe8 31. Nb3 Rb8 32. Qc5 1/2-1/2

[Event "Regionalliga SO 0102"]
[Site "Bayern"]
[Date "2001.11.25"]
[Round "3.8"]
[White "Firlbeck, Hubert"]
[Black "Schuler, Matthias"]
[Result "1-0"]
[WhiteElo "1915"]
[BlackElo "1965"]
[PlyCount "34"]
[EventDate "2001.10.07"]
[EventType "team"]
[EventRounds "9"]
[EventCountry "GER"]
[SourceTitle "EXT 2003"]
[Source "ChessBase"]
[SourceDate "2002.11.25"]
[SourceVersion "1"]
[SourceVersionDate "2002.11.25"]
[SourceQuality "1"]
[WhiteTeam "Deggendorf"]
[BlackTeam "Dorfen"]
[WhiteTeamCountry "GER"]
[BlackTeamCountry "GER"]

1. e4 e5 2. Nf3 Nc6 3. Bb5 Bc5 4. 0-0 Nge7 5. c3 0-0 6. d4 exd4 7. cxd4 Bb6 8. h3 d6 9. Bg5 h6 10. Bh4 Bd7 11. Nc3 a6 12. Bc4 g5 13. Bxg5 hxg5 14. Nxg5 Nd5 15. Qh5 Nf6 16. Qg6+ Kh8 17. Bxf7 Bf5 1-0

[Event "Regionalliga SO 9900"]
[Site "Bayern"]
[Date "2000.??.??"]
[Round "7.7"]
[White "Haselbeck, Franz"]
[Black "Schuler, Matthias"]
[Result "0-1"]
[WhiteElo "1910"]
[BlackElo "2073"]
[PlyCount "146"]
[EventDate "1999.??.??"]
[EventType "team-tourn"]
[EventRounds "9"]
[EventCountry "GER"]
[SourceTitle "EXT 2020"]
[Source "ChessBase"]
[SourceDate "2019.10.17"]
[SourceVersion "1"]
[SourceVersionDate "2019.10.17"]
[SourceQuality "1"]
[WhiteTeam "Deggendorf"]
[BlackTeam "Dorfen PSV"]
[WhiteTeamCountry "GER"]
[BlackTeamCountry "GER"]

1. Nf3 e6 2. g3 f5 3. d3 Nf6 4. Bg2 Be7 5. b3 0-0 6. Bb2 d6 7. Nbd2 Nbd7 8. c4 Rb8 9. Ng5 Ne5 10. d4 Nf7 11. Nxf7 Rxf7 12. Nf3 Ne4 13. d5 e5 14. Nd2 Nxd2 15. Qxd2 b6 16. e3 Qf8 17. f4 e4 18. a4 a5 19. Bc3 Bd7 20. Rb1 Qe8 21. Qe2 Rf8 22. h3 Qg6 23. Qf2 Bf6 24. Bxf6 Qxf6 25. Qb2 Qg6 26. Qf2 h6 27. Bf1 Rbe8 28. Rg1 Re7 29. Qd2 Qf6 30. Be2 g5 31. Qb2 Qxb2 32. Rxb2 Rg7 33. Kf2 Kf7 34. Rbb1 Kf6 35. Rg2 Rfg8 36. Rbg1 Rc8 37. Bd1 c6 38. dxc6 Bxc6 39. g4 gxf4 40. gxf5 Rxg2+ 41. Rxg2 f3 42. Rg6+ Kxf5 43. Rxd6 Ke5 44. Rxh6 Bd7 45. h4 Rd8 46. Rh5+ Bf5 47. Bxf3 exf3 48. Kxf3 Rd3 49. Rg5 Rxb3 50. h5 Rb4 51. h6 Rxc4 52. h7 Rh4 53. e4 Rh3+ 54. Kg2 Kxe4 55. Rxf5 Rxh7 56. Rf6 Rb7 57. Kf2 Kd3 58. Rc6 b5 59. axb5 Rxb5 60. Ra6 Re5 61. Kf3 Kc4 62. Kf4 Rb5 63. Ke4 Kb3 64. Rd6 a4 65. Rd3+ Ka2 66. Rd4 a3 67. Rd2+ Rb2 68. Rd1 Rc2 69. Rd3 Kb2 70. Rd8 a2 71. Rb8+ Kc1 72. Ra8 Kb1 73. Kd4 Rb2 0-1

[Event "Regionalliga SO 9900"]
[Site "Bayern"]
[Date "2000.??.??"]
[Round "9.7"]
[White "Lipok, Erik"]
[Black "Schuler, Matthias"]
[Result "1-0"]
[WhiteElo "2020"]
[BlackElo "2073"]
[PlyCount "89"]
[EventDate "1999.??.??"]
[EventType "team-tourn"]
[EventRounds "9"]
[EventCountry "GER"]
[SourceTitle "EXT 2020"]
[Source "ChessBase"]
[SourceDate "2019.10.17"]
[SourceVersion "1"]
[SourceVersionDate "2019.10.17"]
[SourceQuality "1"]
[WhiteTeam "Waldkirchen TSV"]
[BlackTeam "Dorfen PSV"]
[WhiteTeamCountry "GER"]
[BlackTeamCountry "GER"]

1. e4 e5 2. Nf3 Nc6 3. Bb5 Bc5 4. 0-0 Nge7 5. Nc3 0-0 6. Na4 d6 7. Nxc5 dxc5 8. h3 a6 9. Bxc6 Nxc6 10. d3 Qd6 11. g4 Be6 12. Be3 Rad8 13. Qe2 Nd4 14. Bxd4 cxd4 15. Nh4 Qe7 16. Nf5 Bxf5 17. gxf5 Rd6 18. Kh2 c5 19. Rg1 Rfd8 20. Rg4 c4 21. Rag1 g6 22. Qd2 Rb6 23. Qh6 Qf6 24. b3 cxd3 25. cxd3 Rc8 26. Rc1 Rbc6 27. Rc4 b5 28. Rxc6 Rxc6 29. Qd2 Rc3 30. fxg6 hxg6 31. Kg2 Qe6 32. Qh6 Qf6 33. Qd2 Kg7 34. h4 Qe6 35. Rg3 f5 36. h5 fxe4 37. Rxg6+ Qxg6+ 38. hxg6 exd3 39. Qg5 d2 40. Qxe5+ Kxg6 41. Qxd4 Rc6 42. Qxd2 Re6 43. f4 Kf6 44. Kf3 Kf7 45. f5 1-0

[Event "Regionalliga SO 9900"]
[Site "Bayern"]
[Date "2000.??.??"]
[Round "5.6"]
[White "Schuler, Matthias"]
[Black "Spranger, Michael"]
[Result "0-1"]
[WhiteElo "2073"]
[BlackElo "2005"]
[PlyCount "116"]
[EventDate "1999.??.??"]
[EventType "team-tourn"]
[EventRounds "9"]
[EventCountry "GER"]
[SourceTitle "EXT 2020"]
[Source "ChessBase"]
[SourceDate "2019.10.17"]
[SourceVersion "1"]
[SourceVersionDate "2019.10.17"]
[SourceQuality "1"]
[WhiteTeam "Dorfen PSV"]
[BlackTeam "Trostberg TSV"]
[WhiteTeamCountry "GER"]
[BlackTeamCountry "GER"]

1. e4 c6 2. d4 d5 3. e5 Bf5 4. Nc3 e6 5. g4 Bg6 6. Nge2 c5 7. h4 h5 8. Nf4 Nh6 9. Nxg6 fxg6 10. Bxh6 gxh6 11. Bb5+ Nc6 12. Qd3 Rg8 13. 0-0-0 hxg4 14. f4 h5 15. dxc5 Bxc5 16. Ne4 Be7 17. Ng5 Qc8 18. Nh7 Kf7 19. Ng5+ Kg7 20. Qe2 a6 21. Bd3 Bxg5 22. hxg5 Nb4 23. Bxg6 Kxg6 24. Rxh5 Kxh5 25. Qh2+ Kg6 26. Qh6+ Kf5 27. Qf6+ Ke4 28. c3 Nd3+ 29. Kc2 Qc4 30. Qh6 Nb4+ 31. Kc1 Nxa2+ 32. Kc2 Nb4+ 33. Kc1 Nd3+ 34. Kc2 Nb4+ 35. Kc1 Na2+ 36. Kc2 Qe2+ 37. Rd2 Nb4+ 38. Kc1 Qf1+ 39. Rd1 Na2+ 40. Kc2 Qe2+ 41. Rd2 Nb4+ 42. Kc1 Qf1+ 43. Rd1 Qxf4+ 44. Kb1 Qf5 45. cxb4 Kxe5+ 46. Ka2 Rxg5 47. Qh2+ g3 48. Qd2 Rc8 49. Qd4+ Kd6 50. Qb6+ Kd7 51. Re1 Rc7 52. b5 d4 53. Rd1 Qc5 54. Rxd4+ Rd5 55. Rxd5+ Qxd5+ 56. Kb1 Qc5 57. Qa5 Qc1+ 58. Ka2 Rc2 0-1

[Event "Regionalliga SO 9798"]
[Site "Bayern"]
[Date "1998.??.??"]
[Round "?.8"]
[White "Goetz, Manfred"]
[Black "Schuler, Matthias"]
[Result "0-1"]
[WhiteElo "1776"]
[BlackElo "2073"]
[PlyCount "30"]
[EventDate "1997.10.19"]
[EventType "team-tourn"]
[EventRounds "9"]
[EventCountry "GER"]
[SourceTitle "EXT 2020"]
[Source "ChessBase"]
[SourceDate "2019.10.17"]
[SourceVersion "1"]
[SourceVersionDate "2019.10.17"]
[SourceQuality "1"]
[WhiteTeam "Pfarrkirchen SC"]
[BlackTeam "Dorfen PSV"]
[WhiteTeamCountry "GER"]
[BlackTeamCountry "GER"]

1. e4 e5 2. Nf3 d6 3. d4 Qe7 4. Nc3 c6 5. Be2 Nf6 6. Bg5 h6 7. Bh4 g5 8. Bg3 Nbd7 9. dxe5 dxe5 10. Qd2 Bg7 11. 0-0-0 Nh5 12. Bxe5 Nxe5 13. Nxe5 Bxe5 14. Bxh5 Bf4 15. Bxf7+ Qxf7 0-1

[Event "Regionalliga SO 9798"]
[Site "Bayern"]
[Date "1998.??.??"]
[Round "?.7"]
[White "Schuler, Matthias"]
[Black "Penn, Peter"]
[Result "1/2-1/2"]
[WhiteElo "2073"]
[BlackElo "1910"]
[PlyCount "48"]
[EventDate "1997.10.19"]
[EventType "team-tourn"]
[EventRounds "9"]
[EventCountry "GER"]
[SourceTitle "EXT 2020"]
[Source "ChessBase"]
[SourceDate "2019.10.17"]
[SourceVersion "1"]
[SourceVersionDate "2019.10.17"]
[SourceQuality "1"]
[WhiteTeam "Dorfen PSV"]
[BlackTeam "Trostberg TSV"]
[WhiteTeamCountry "GER"]
[BlackTeamCountry "GER"]

1. e4 e6 2. d3 c5 3. Nf3 Nc6 4. g3 g6 5. Bg2 Bg7 6. 0-0 Nge7 7. Nc3 0-0 8. Ne2 d5 9. c3 dxe4 10. dxe4 Qxd1 11. Rxd1 b6 12. Bf4 Ba6 13. Bf1 e5 14. Be3 Rad8 15. Ne1 Rxd1 16. Rxd1 Rd8 17. Rxd8+ Nxd8 18. f3 Bc8 19. Kf2 Ndc6 20. Nc1 Be6 21. Bb5 Nb8 22. Ba4 a6 23. Bd1 Nd7 24. Be2 a5 1/2-1/2